000 00304nam a2200121Ia 4500
005 20251222144751.0
008 251222s9999||||xx |||||||||||||| ||spa||
082 _a321.4/C85
100 _aCotler, Julio
245 0 _aPara afirmar la Democracia
264 _bInstituto de Estudios Peruanos
942 _cLIB
999 _c19346
_d19346